[Event "Chernonograd Katsan Memorial 2nd"]
[Site "Chernonograd"]
[Date "2023.01.22"]
[Round "2"]
[White "Rubakha, Oleksiy"]
[Black "Tsertsvadze, Anatoliy"]
[Result "0-1"]
[WhiteElo "1362"]
[BlackElo "1733"]
[PlyCount "106"]
[EventDate "2023.01.22"]
[EventType "swiss"]
[EventRounds "9"]
[EventCountry "UKR"]
[SourceTitle "CBM 212 Extra"]
[Source "ChessBase"]
[SourceDate "2023.03.31"]
[SourceVersion "1"]
[SourceVersionDate "2023.03.31"]
[SourceQuality "1"]

1. e4 e6 2. d4 d5 3. exd5 exd5 4. Nf3 Bg4 5. h3 Bh5 6. Be2 Bd6 7. 0-0 Ne7 8. c4 c6 9. b3 0-0 10. Bb2 Nd7 11. Nc3 Rc8 12. Ne1 Bg6 13. Nc2 Bb8 14. Ne3 Qc7 15. g3 f5 16. Ng2 f4 17. f3 fxg3 18. Ba3 Nf6 19. cxd5 Qd7 20. Nf4 Bxf4 21. Kg2 Nfxd5 22. Nxd5 Nxd5 23. Bc4 Bf7 24. Bxd5 Bxd5 25. Bxf8 Rxf8 26. Qd3 Be6 27. Rh1 Bd5 28. Rhf1 Be6 29. Rh1 c5 30. Rad1 cxd4 31. Qxd4 Qb5 32. Rhe1 Bxh3+ 33. Kxh3 Qh5+ 34. Kg2 Qh2+ 35. Kf1 g2+ 36. Ke2 g1Q+ 37. Kd3 Qxd4+ 38. Kxd4 Rd8+ 39. Ke4 Rxd1 40. Rxd1 g5 41. Rd8+ Kg7 42. Rd7+ Kg6 43. Rxb7 Qe2+ 44. Kd4 Qe5+ 45. Kc4 Qe2+ 46. Kd4 Qxf3 47. Rb5 Qe3+ 48. Kc4 h5 49. Rd5 Qe6 50. Kc5 h4 51. Rd1 h3 52. Rh1 h2 53. Kd4 Qe3+ 0-1